000 00394nam a2200169Ia 4500
001 8897
003 IN-NITTTR
005 20251114233042.0
008 251113s9999||||xx |||||||||||||| ||eng||
040 _beng
040 _cIN-NITTTR
041 _aeng
082 _a621.3192 K837M
100 _aKoonar, S. S.
245 0 _aNetworks and transmission lines. /
_cKoonar, S. S.
942 _2ddc
_cBK
999 _c11534
_d11534